| 000 | 00546pam a22001934a 4500 | ||
|---|---|---|---|
| 020 | _a157808153X | ||
| 020 | _a1578081521 (pbk. : alk. paper) | ||
| 040 | _cDLC | ||
| 082 | 0 | 0 | _a333 SCI 2001 C148 Or. |
| 245 | 0 | 0 | _aResponse to land degradation / |
| 260 |
_aEnfield, NH : _bScience Publishers, _c2001 |
||
| 300 |
_axxii, 519 p. : _bill. (some col.), maps (some col.) ; _c24 cm |
||
| 650 | 0 | _aSoil degradation | |
| 650 | 0 | _aSoil conservation | |
| 650 | 0 | _aLand degradation | |
| 650 | 0 | _aLand use | |
| 700 | 1 | _aBridges, E. M. | |
| 942 | _cAEDBB | ||
| 999 |
_c18601 _d18601 |
||